000
00309nam a2200133Ia 4500
008
100328s9999 xx 000 0 und d
082
_b
37258
100
_a
ओक जनार्दन.
245
_a
माग
260
_b
श्रदा
630
_a
माग
730
_a
माग
942
_c
BOOK
999
_c
526728
_d
526725